|
|
|
|
| LEADER |
00000nam a22000005a 4500 |
| 001 |
14616 |
| 003 |
CL-ChBUA |
| 005 |
20170705130056.0 |
| 007 |
ta |
| 008 |
070301s1981 sp 000 0 spa |
| 040 |
|
|
|a CL-ChBUA
|c CL-ChBUA
|e rda
|
| 082 |
0 |
0 |
|a 780.3
|
| 100 |
1 |
|
|a Brenet, Michel.
|
| 245 |
1 |
0 |
|a Diccionario de la música
|
| 260 |
|
|
|b Iberia.
|c 1981.
|
| 300 |
|
|
|c 22 cm.
|
| 504 |
|
|
|a Indice.
|
| 650 |
|
4 |
|a MUSICA
|x DICCIONARIOS
|
| 942 |
|
|
|c LIBR
|2 ddc
|
| 945 |
|
|
|0 nac
|
| 952 |
|
|
|0 0
|1 0
|4 0
|7 0
|9 20531
|a UNACH
|b UNACH
|c CP
|d 2007-03-05
|i 18.443.
|l 0
|o R 780.3 / B 837 1981.
|p 21530
|r 2012-12-27 00:00:00
|u 20531
|w 2012-08-08
|y LIBR
|k R 780.3 / B 837 1981.
|
| 999 |
|
|
|c 14616
|d 14616
|